Financial Services Technology: Processes, Architecture and Solutions (Record no. 12686)
[ view plain ]
| 000 -LEADER | |
|---|---|
| fixed length control field | 00400nam a22001577a 4500 |
| 003 - CONTROL NUMBER IDENTIFIER | |
| control field | OSt |
| 008 - FIXED-LENGTH DATA ELEMENTS--GENERAL INFORMATION | |
| fixed length control field | 240510b |||||||| |||| 00| 0 eng d |
| 020 ## - INTERNATIONAL STANDARD BOOK NUMBER | |
| International Standard Book Number | 9789355739063 |
| 082 ## - DEWEY DECIMAL CLASSIFICATION NUMBER | |
| Classification number | 332DUF |
| 100 ## - MAIN ENTRY--PERSONAL NAME | |
| Personal name | DURAN, Randall E |
| 245 ## - TITLE STATEMENT | |
| Title | Financial Services Technology: Processes, Architecture and Solutions |
| 250 ## - EDITION STATEMENT | |
| Edition statement | 2nd. ed |
| 260 ## - PUBLICATION, DISTRIBUTION, ETC. (IMPRINT) | |
| Place of publication, distribution, etc | Delhi |
| Name of publisher, distributor, etc | Cengage |
| Date of publication, distribution, etc | 2024 |
| 300 ## - PHYSICAL DESCRIPTION | |
| Extent | 591 |
| 942 ## - ADDED ENTRY ELEMENTS (KOHA) | |
| Source of classification or shelving scheme | Dewey Decimal Classification |
| Koha item type | Text Books |
| Withdrawn status | Lost status | Source of classification or shelving scheme | Damaged status | Not for loan | Collection code | Home library | Current library | Date acquired | Source of acquisition | Currency | Cost, normal purchase price | Bill Number | Total Checkouts | Full call number | Acc. no. / Barcode | Date last seen | Actual Cost, discounted price | Bill Date | Koha item type |
|---|---|---|---|---|---|---|---|---|---|---|---|---|---|---|---|---|---|---|---|
| Dewey Decimal Classification | BBA | PIET C-LIBRARY | PIET C-LIBRARY | 31/03/2024 | Zafaa Books and Distributors | In rupees | 850.00 | ZBD0498 | 332 DUF | 37034 | 10/05/2024 | 612.00 | 31/03/2024 | Text Books | |||||
| Dewey Decimal Classification | BBA | PIET C-LIBRARY | PIET C-LIBRARY | 31/03/2024 | Zafaa Books and Distributors | In rupees | 850.00 | ZBD0498 | 332 DUF | 37035 | 10/05/2024 | 612.00 | 31/03/2024 | Text Books | |||||
| Dewey Decimal Classification | BBA | PIET C-LIBRARY | PIET C-LIBRARY | 31/03/2024 | Zafaa Books and Distributors | In rupees | 850.00 | ZBD0498 | 332 DUF | 37036 | 10/05/2024 | 612.00 | 31/03/2024 | Text Books | |||||
| Dewey Decimal Classification | BBA | PIET C-LIBRARY | PIET C-LIBRARY | 31/03/2024 | Zafaa Books and Distributors | In rupees | 850.00 | ZBD0498 | 332 DUF | 37037 | 10/05/2024 | 612.00 | 31/03/2024 | Text Books | |||||
| Dewey Decimal Classification | BBA | PIET C-LIBRARY | PIET C-LIBRARY | 31/03/2024 | Zafaa Books and Distributors | In rupees | 850.00 | ZBD0498 | 332 DUF | 37038 | 10/05/2024 | 612.00 | 31/03/2024 | Text Books |